A MAGYAR CSALÁDI VÁLLALKOZÁSOK PÉNZÜGYI SAJÁTOSSÁGAI

Bibliographic Details
Main Author: Bakai Anikó
Other Authors: Radácsi Dr. László
Format: Thesis
Kulcsszavak:Pénzügy
Családi vállalkozás
Tőkeszerkezet
Online Access:http://dolgozattar.uni-bge.hu/14423

MARC

LEADER 00000nta a2200000 i 4500
001 dolg14423
005 20171218095026.0
008 171218suuuu hu om 000 hun d
040 |a BGE Dolgozattár Repozitórium  |b hun 
041 |a hu 
100 1 |a Bakai Anikó 
245 1 2 |a A MAGYAR CSALÁDI VÁLLALKOZÁSOK PÉNZÜGYI SAJÁTOSSÁGAI  |c Bakai Anikó  |h [elektronikus dokumentum] 
695 |a Pénzügy 
695 |a Családi vállalkozás 
695 |a Tőkeszerkezet 
700 1 |a Radácsi Dr. László  |e ths 
856 4 0 |u http://dolgozattar.uni-bge.hu/14423/1/BAKAI%20Aniko%CC%81%20Pe%CC%81nzu%CC%88gy%20MSc.pdf  |z Dokumentum-elérés